000
00225 a2200097 4500
001
26829
100
_a
Iqbal, M
245
_a
The poets vision and magic of words
260
_a
_b
Islamic book service
_c
090
_c
18062
_d
18062
942
_a
NUST-CAE
_c
M
_c
8961
999
_c
261902
_d
261902